Mujeres de ojos grandes
Αποθηκεύτηκε σε:
| Κύριος συγγραφέας: | |
|---|---|
| Μορφή: | Βιβλίο |
| Γλώσσα: | Ισπανικά |
| Έκδοση: |
Buenos Aires
Seix Barral
1992
|
| Θέματα: | |
| Ετικέτες: |
Προσθήκη ετικέτας
Δεν υπάρχουν, Καταχωρήστε ετικέτα πρώτοι!
|
MARC
| LEADER | 00000nam a2200000 a 4500 | ||
|---|---|---|---|
| 001 | UCS1960 | ||
| 003 | CL-VaPUC | ||
| 008 | 970516e19920000AG |||||||||||||||||spa|d | ||
| 082 | 0 | 4 | |a Me863 |b MAS |2 21 |
| 100 | |a Mastretta, Ángeles |e autora |9 543493 | ||
| 245 | 1 | 0 | |a Mujeres de ojos grandes |
| 300 | |a 188 p | ||
| 942 | |c BK | ||
| 945 | |d 19970516 00:00:00 |a rleighto | ||
| 260 | |a Buenos Aires |b Seix Barral |c 1992 | ||
| 650 | 0 | |a Cuentos mexicanos |9 310368 | |
| 583 | |a last modification |c 19970516 00:00:00 |k Rodrigo Vera | ||
| 999 | |c 259968 |d 259966 | ||
| 952 | |0 0 |1 0 |4 0 |6 ME_863_000000000000000_MAS_1992 |7 0 |8 A |9 285507 |a BIBEDU |b BIBEDU |c ES_NOD |d 2019-11-19 |i 3657817 |o Me863 MAS 1992 |p 3657817 |r 2023-08-09 |w 2019-11-19 |y BK |k EPE | ||